Mathematik Multiple Choice - Statistiken

Allgemein
  • Dieses Quiz wurde 493 mal gespielt
  • Das Durchschnittsergebnis liegt bei 8 aus 15
Antwortstatistiken
Frage Antwort % Korrekt
Fangen wir zum Aufwärmen mit einer leichten Frage an: Was ergibt 3+5? 8
99%
In einer Tüte sind zwei grüne, ein gelbes, zwei weiße, ein orangefarbenes und vier rote Bonbons. Sie nehmen ohne hinzusehen ein Bonbon aus der Tüte heraus. Mit welcher Wahrscheinlichkeit ist es rot? 40%
87%
Wie lautet der Satz des Pythagoras? c²=a²+b²
85%
(a+b)²= a²+2ab+b²
77%
Eine Aktie fällt zuerst um 10% und steigt danach wieder um 10%. Ist sie nun mehr oder weniger oder gleich viel wert? weniger
77%
Herr Maier und Herr Müller legen gleich viel Geld bei ihrer Bank an. Herr Maier bekommt 2% Zinsen im Jahr, Herr Müller 4% Zinsen im Jahr. Wie viel mehr Ertrag als Herr Maier hat Herr Müller nach 10 Jahren? mehr als doppelt so viel
56%
Beim Mensch- Ärgere-dich hat man drei Versuche um eine Sechs zu würfeln, wenn man rauskommen will. Die Wahrscheinlichkeit, mit diesen drei Versuchen eine Sechs zu würfeln ist… kleiner als 50%
51%
Wie lautet die 5. Nachkommastelle von Pi? 9
47%
Die Kantenlänge eines Würfels wird verdoppelt. Was passiert mit dem Volumen? Das Volumen verachtfacht sich
46%
Es gilt [−2, 3]\ ]1, 3[ = [−2, 1] ∪ {3}
36%
Für alle x > 0 gilt e^-ln(x)= 1/x
28%
Für die Funktion f gelte f ′′(x) < 0 für alle x ∈ℝ . Daraus folgt: f ist konkav
22%
Für alle α∈ℝ gilt cos(α+π/2)= -sin(α)
22%
Ist die Matrix A ∈ ℝ^(n×n) invertierbar, dann gilt det(A⁻¹) = 1/det(A)
18%
Es gilt sin(-11π/4)= -1/√2
15%
Keine übereinstimmenden Quizze gefunden
Verteilung der Resultate
Anzahl Personen mit jedem Resultat
Perzentil nach korrekt beantworteten Fragen
Ihre Resultats-Entwicklung
Sie haben dieses Quiz noch nicht gespielt